000097586 001__ 97586
000097586 005__ 20230317221855.0
000097586 037__ $$aGSI-2015-01367
000097586 041__ $$aEnglish
000097586 1001_ $$0P:(DE-HGF)0$$aPetridis, Nikolaos$$b0$$eCorresponding Author$$gmale
000097586 245__ $$aThe internal multiphase target for storage ring experiments
000097586 260__ $$c2014
000097586 300__ $$a185 S. : Ill., graph. Darst.
000097586 3367_ $$2DataCite$$aOutput Types/Dissertation
000097586 3367_ $$2ORCID$$aDISSERTATION
000097586 3367_ $$2BibTeX$$aPHDTHESIS
000097586 3367_ $$02$$2EndNote$$aThesis
000097586 3367_ $$0PUB:(DE-HGF)11$$2PUB:(DE-HGF)$$aDissertation / PhD Thesis$$bphd$$mphd$$s1497259989_17530
000097586 3367_ $$2DRIVER$$adoctoralThesis
000097586 502__ $$aJohann Wolfgang Goethe-Universität Frankfurt, Diss., 2014$$bDr.$$cJohann Wolfgang Goethe-Universität Frankfurt$$d2014
000097586 536__ $$0G:(DE-HGF)POF2-544$$a544 - In-house Research with PNI (POF2-544)$$cPOF2-544$$fPOF II$$x0
000097586 650_7 $$0V:(DE-588b)4012494-0$$2GND$$aDissertation$$xDiss.
000097586 773__ $$y2014
000097586 8564_ $$uhttp://d-nb.info/1064601529/04
000097586 909CO $$ooai:repository.gsi.de:97586$$pVDB
000097586 9131_ $$0G:(DE-HGF)POF2-544$$1G:(DE-HGF)POF2-540$$2G:(DE-HGF)POF2-500$$3G:(DE-HGF)POF2$$4G:(DE-HGF)POF$$aDE-HGF$$bStruktur der Materie$$lForschung mit Photonen, Neutronen, Ionen$$vIn-house Research with PNI$$x0
000097586 9141_ $$y2014
000097586 920__ $$lyes
000097586 9201_ $$0I:(DE-Ds200)ATP-20051214OR020$$kATP$$lAtomphysik$$x0
000097586 980__ $$aphd
000097586 980__ $$aVDB
000097586 980__ $$aI:(DE-Ds200)20110830OR020
000097586 980__ $$aI:(DE-Ds200)ATP-20051214OR020
000097586 980__ $$aUNRESTRICTED